000 00285nam a22001337a 4500
008 170313b xxu||||| |||| 00| 0 eng d
020 _a0127466401
041 _aeng
080 _23RD
_a591
100 _a7
101 _ashm
245 _aMEDICAL VIROLOGY
_cWHITE, D.O
942 _2udc
_cBK
999 _c7667
_d7667